000 00744cab a2200265 4500
001 WB3329-23
008 090401t1997 xxu||||| |||| 00| 0 eng d
035 _a(Sirsi) u79869
041 _aeng
245 _aGPS on pollution
260 _c1997
350 _a0
490 _aFinancial Times
_v24 July 1997, 19(1)
520 _aAEA Technology has used GPS to develop a system to improve the accuracy of contaminated land surveys.
650 _aCONTAMINATED LAND SURVEYS
650 _aCONTAMINATED LAND
650 _aGIS
650 _aGLOBAL POSITIONING SATELLITES
650 _aGPS
650 _aGROUNDHOG SYSTEM
650 _aLAND SURVEYS
690 _aENVIRONMENTAL AND LAND CONSULTANCY
942 _n0
948 _c24/07/1997
999 _c50259
_d50259